[Event "Biel-B"]
[Site "Biel"]
[Date "1990.??.??"]
[Round "5"]
[White "Landenbergue, Claude"]
[Black "D'Amore, Carlo"]
[Result "1-0"]
[WhiteElo "2380"]
[BlackElo "2425"]
[Annotator "Ribli,Z"]
[PlyCount "85"]
[EventDate "1990.07.??"]
[EventType "tourn"]
[EventRounds "11"]
[EventCountry "SUI"]
[EventCategory "10"]
[SourceTitle "CBM 019"]
[Source "ChessBase"]
[SourceDate "1990.12.01"]
[SourceVersion "1"]
[SourceVersionDate "1990.12.01"]
[SourceQuality "1"]

1. d4 g6 2. c4 Bg7 3. Nc3 d6 4. Nf3 Bg4 5. e3 Nc6 6. Be2 e5 7. Nxe5 $5 (7. O-O
exd4 8. Nxd4 Bxe2 9. Ndxe2 Nf6 10. b3 {Rogers,I-Klaric,Z Praga Bohemians A
1990 CBM 17}) 7... Bxe2 $2 (7... dxe5 8. Bxg4 exd4 9. exd4 Nxd4 10. O-O) 8.
Nxc6 Bxd1 9. Nxd8 Bg4 10. Nxb7 a5 11. Nb5 $1 Kd7 12. f3 Be6 13. d5 Bxd5 14.
cxd5 Rb8 15. N7xd6 cxd6 16. a4 $18 f5 17. Bd2 Ne7 18. e4 Bxb2 19. Rb1 Be5 20.
O-O Rhc8 21. Rfc1 fxe4 22. fxe4 Ng8 23. Rf1 Nf6 24. Bf4 Ng4 25. h3 Bxf4 26.
Rxf4 Ne5 27. Rbf1 Re8 28. Rf6 Nc4 29. Rc1 Rbc8 30. Rf7+ Re7 31. Rxe7+ Kxe7 32.
Na3 Nb6 33. Rxc8 Nxc8 34. Nc4 Kf6 35. Kf2 Kg5 36. Kg3 Kh5 37. Kf4 Kh4 38. Nxa5
Nb6 39. Nb7 Nxa4 40. Nxd6 Nc5 41. Nf7 Nd3+ 42. Ke3 Nc5 43. e5 {Ribli} 1-0

[Event "Biel"]
[Site "Biel"]
[Date "1990.??.??"]
[Round "6"]
[White "Polugaevsky, Lev"]
[Black "Miles, Anthony John"]
[Result "0-1"]
[WhiteElo "2610"]
[BlackElo "2595"]
[Annotator "Ribli,Z"]
[PlyCount "112"]
[EventDate "1990.07.??"]
[EventType "tourn"]
[EventRounds "14"]
[EventCountry "SUI"]
[EventCategory "14"]
[SourceTitle "CBM 019"]
[Source "ChessBase"]
[SourceDate "1990.12.01"]
[SourceVersion "1"]
[SourceVersionDate "1990.12.01"]
[SourceQuality "1"]

1. d4 d6 2. Nf3 Bg4 3. g3 Bxf3 4. exf3 e6 5. f4 c6 (5... d5 6. Bg2 c6 7. O-O
Bd6 8. b3 Ne7 9. c4 Nf5 10. Bb2 Be7 11. Nd2 {Eingorn,V-Watson,W Reykjavik 1989
CBM 13}) 6. Bg2 (6. Bd3 g6 7. O-O Bg7 8. c3 Ne7 9. Nd2 Nd7 10. Nf3 O-O 11. Be3
Rc8 {Polgar,Zsu-Torre,E New York op 1989 CBM 12}) 6... g6 7. Nd2 Bg7 8. c3 Nd7
9. a4 Ne7 10. O-O O-O 11. Re1 Qc7 12. Nf3 Rac8 13. Bd2 Rfd8 14. Qc2 c5 15. dxc5
Nxc5 16. Nd4 Nc6 17. Nb5 Qb8 18. Be3 a6 19. Bxc5 (19. Na3 $5) 19... dxc5 20.
Na3 Na5 21. Rad1 c4 $1 22. Qe2 Qc7 23. Rxd8+ Rxd8 24. Bf1 Rc8 25. Rd1 Qc6 26.
Qc2 Bf8 27. Nb1 Nb3 28. Bg2 Qxa4 29. Bxb7 Rb8 30. Bf3 Nc5 $1 31. Qxa4 Nxa4 32.
Nd2 Nxb2 33. Ra1 Bg7 34. Rxa6 Bxc3 35. Ne4 Bd4 36. Rc6 Nd3 37. Be2 Rb1+ 38. Kg2
Ne1+ 39. Kh3 c3 40. Nxc3 Rb2 41. Ba6 Rxf2 42. Ne4 Rb2 43. g4 Kg7 44. Bc4 Bg1
45. f5 Rxh2+ 46. Kg3 Rg2+ 47. Kh3 exf5 48. gxf5 g5 49. Rc7 g4+ 50. Kh4 Nf3+ 51.
Kh5 Rh2+ 52. Kxg4 Ne5+ 53. Kg3 Rc2 54. f6+ Kh6 55. Nd6 Bh2+ 56. Kh3 Bf4 {Ribli}
0-1

[Event "Prague Chip"]
[Site "Prague"]
[Date "1992.??.??"]
[Round "12"]
[White "Razuvaev, Yuri S"]
[Black "Jansa, Vlastimil"]
[Result "1-0"]
[WhiteElo "2575"]
[BlackElo "2460"]
[Annotator "Ribli,Z"]
[PlyCount "147"]
[EventDate "1992.01.??"]
[EventType "tourn"]
[EventRounds "13"]
[EventCountry "CZE"]
[EventCategory "11"]
[SourceTitle "CBM 027"]
[Source "ChessBase"]
[SourceDate "1992.04.01"]
[SourceVersion "1"]
[SourceVersionDate "1992.04.01"]
[SourceQuality "1"]

1. d4 d6 2. Nf3 Bg4 3. c4 Nd7 4. Qb3 Rb8 5. g3 g6 6. Bg2 Bg7 (6... c5 7. e3
Qa5+ 8. Nbd2 Bxf3 9. Bxf3 Bg7 10. Qd3 Ngf6 11. O-O O-O 12. Bg2 b5 13. b3 $13 {
Olafsson,H-Kosten,A Hastings 1990 CBM/22}) 7. Nbd2 c5 8. e3 Ngf6 9. O-O O-O 10.
a4 Qa5 11. h3 Bxf3 12. Nxf3 Ne4 13. Qd3 f5 $6 14. Nd2 $1 Nef6 15. d5 a6 16. Ra3
$1 $14 Nh5 17. Kh2 Nhf6 18. Qc2 Ne5 19. b3 g5 20. Bb2 Nh5 21. f4 $1 gxf4 22.
exf4 Ng6 23. Nf3 h6 24. Re1 Kh7 25. Bxg7 Nxg7 26. Raa1 Rbe8 27. h4 Qc7 28. Bh3
Qd7 29. a5 e5 30. dxe6 Rxe6 31. Rxe6 Qxe6 32. Re1 Qf6 33. Re2 Rf7 34. Qd3 Re7
35. Rd2 Re6 36. h5 $1 Ne7 37. Nh4 Kh8 38. Qf3 Qa1 39. Qxb7 Qxa5 40. Qb8+ Kh7
41. Rxd6 Rxd6 42. Qxd6 Qe1 43. Qxc5 Kg8 44. Ng2 Qe4 45. Qe3 Nxh5 46. Qxe4 fxe4
47. Be6+ Kf8 48. g4 Nf6 49. Ne3 Nc6 50. c5 Nd4 51. Bc4 a5 52. Kg3 Kg7 53. Kf2
Nd7 54. c6 Nxc6 55. Bb5 Ncb8 56. Nf5+ Kg6 57. Ne7+ Kf7 58. Nd5 Nc5 59. Bc4 Kg7
60. Ke3 Nc6 61. Nc3 Nb4 62. Kd4 Nbd3 63. Nxe4 Nxe4 64. Bxd3 Nf6 65. Be2 Nd7 66.
Bd3 Kf6 67. Bf5 Nb8 68. Kc5 Na6+ 69. Kb6 Nb4 70. Be4 Na2 71. Kxa5 h5 72. g5+
Ke6 73. f5+ Ke5 74. f6 1-0

[Event "Villa Gesell"]
[Site "Villa Gesell"]
[Date "1996.??.??"]
[Round "7"]
[White "Sorokin, Maxim"]
[Black "Spangenberg, Hugo"]
[Result "0-1"]
[WhiteElo "2560"]
[BlackElo "2505"]
[Annotator "Ribli,Z"]
[PlyCount "82"]
[EventDate "1996.03.??"]
[EventType "tourn"]
[EventRounds "11"]
[EventCountry "ARG"]
[EventCategory "11"]
[SourceTitle "CBM 052"]
[Source "ChessBase"]
[SourceDate "1996.06.01"]
[SourceVersion "1"]
[SourceVersionDate "1996.06.01"]
[SourceQuality "1"]

1. Nf3 d6 2. d4 Bg4 3. c4 Bxf3 4. exf3 c6 5. Nc3 g6 6. Be2 Bg7 7. O-O Nf6 8. d5
O-O 9. Be3 Nbd7 10. f4 (10. Qb3 $5 Qc7 11. Rfd1 a6 12. Rac1 Rfc8 13. f4 $14 {
Kharitonov,A-Agrest,E/Pinsk/1993/CBM38/INF59,(73)/}) 10... cxd5 11. Nxd5 $146 {
Diese Neuerung verfolgt mehreren Absichten: 1.Weiß will das Zentrum mit seinen
Leichtfiguren kontrollieren. 2. Sein Läuferpaar erhält mehr Raum. 3. Die
schwarzen Bauern (a7,b7,d6,e7) sind angreifbar.} (11. cxd5 Qa5 12. a3 Rfc8 13.
Bd4 $14 {Naumkin,I -Jansa,V/Namestovo/1987/INF44,56/}) 11... Nc5 12. Nc3 Nfe4
13. Nxe4 Nxe4 14. Bf3 Nc5 15. Rb1 (15. b4 Bxa1 16. bxc5 Bf6 17. Bxb7 dxc5 $5 (
17... Rb8 18. c6 $44) 18. Bxa8 Qxa8 19. Bxc5 Rc8 20. Be3 Rxc4 $10) 15... a5 16.
b3 Qc7 17. h4 $6 {Zu optimistisch, weil Weiss keine realistische Chance hat,
einen erfolgreichen Königsangriff zu führen.} (17. Qd2 $5) 17... e6 18. h5 Rfd8
19. Bd4 $6 (19. Re1 $5) 19... e5 20. Be3 $6 (20. Bxc5 dxc5 21. Bd5 exf4 22.
hxg6 hxg6 23. Qg4 Kf8 $15) (20. Ba1 $5 Ne6 21. hxg6 hxg6 22. fxe5 dxe5 23. Bd5
Nf4 24. Qf3 $13) 20... e4 21. Be2 Qc6 {/\ d5} 22. Qd5 $6 (22. hxg6 hxg6 23. Qd5
Qxd5 24. cxd5 Bf6 25. g3 Kg7 26. Kg2 $10) 22... Qxd5 23. cxd5 gxh5 24. Rfc1 (
24. Bxh5 Nd3 {/\ Nb4 >< a2,d5} 25. a3 $13) 24... h4 25. Bg4 (25. Bxc5 dxc5 26.
Rxc5 Bd4 27. Rc7 $13) 25... Nd3 26. Rc7 Nb4 27. Rd1 Nxa2 28. Bd4 (28. Rxb7 Nc3
29. Rd2 Rdb8 $36 {>< b3 Der schwarze a-Bauern kann sehr gefärhlich werden.})
28... b5 29. Bxg7 Kxg7 30. Rd4 a4 31. bxa4 Rxa4 32. Rd2 (32. Rxa4 bxa4 33. Ra7
Nc3 $17) 32... b4 33. Rb7 Nc3 34. Be6 Rf8 35. Bd7 Ra1+ 36. Kh2 Rb1 37. Kh3 Rh1+
38. Kg4 Kg6 {/\ h5 mate} 39. f5+ Kf6 40. Kf4 Rg8 41. Be6 (41. Rxb4 h3 $1 42.
gxh3 Rxh3 $19) 41... Rg7 {Weiss hat das Mittelspiel sehr harmlos behandelt.}
0-1

[Event "OHRA-B"]
[Site "Amsterdam"]
[Date "1990.??.??"]
[Round "8"]
[White "Polgar, Zsuzsa"]
[Black "Anand, Viswanathan"]
[Result "0-1"]
[WhiteElo "2510"]
[BlackElo "2610"]
[Annotator "Ribli,Z"]
[PlyCount "130"]
[EventDate "1990.07.??"]
[EventType "swiss"]
[EventRounds "9"]
[EventCountry "NED"]
[SourceTitle "CBM 020"]
[Source "ChessBase"]
[SourceDate "1991.02.01"]
[SourceVersion "1"]
[SourceVersionDate "1991.02.01"]
[SourceQuality "1"]

1. Nf3 d6 2. d4 Bg4 3. e4 Nf6 4. Nc3 e6 5. h3 Bh5 6. Qe2 a6 $5 (6... c6 7. g4
Bg6 8. h4 h5 9. g5 Nfd7 10. Bh3 {Lukacs,P-Ghinda,M Stara Zagora zt-A 1990 CBM/
17 Goldin-Ohotnik Kusadasi 1990 49/68}) 7. g4 Bg6 8. h4 h5 9. g5 Nfd7 10. Bh3
b5 11. a3 Be7 12. Bf4 Nb6 13. Bg3 c6 14. O-O O-O 15. Nd2 d5 16. exd5 (16. f4
dxe4 17. Ndxe4 Qxd4+ 18. Bf2 Qd8 19. Ng3 $13) 16... cxd5 17. f4 Nc6 18. Nf3 Bd6
19. Rad1 Ne7 20. Ne5 Bxe5 21. fxe5 Rc8 22. Rc1 Nc4 23. Nd1 Bf5 24. Bxf5 Nxf5
25. Qd3 Qb6 26. Bf2 Rc6 27. Ra1 Rfc8 28. b3 Na5 29. Ra2 R6c7 30. Rb2 Nc6 31. c3
Nce7 32. Qf3 g6 33. Rc2 a5 34. Nb2 Qa7 35. Rfc1 b4 36. axb4 axb4 37. c4 dxc4
38. d5 Qb7 $1 39. Nxc4 Qxd5 40. Kg2 Qxf3+ 41. Kxf3 Rd7 42. Nd2 Rcd8 43. Ne4
Rd3+ 44. Ke2 Rxb3 45. Rd1 Nd5 46. Rdc1 Ra3 47. Rc8 Ra8 48. Rxd8+ Rxd8 49. Nf6+
Nxf6 50. exf6 b3 51. Rb1 Rb8 52. Kd3 b2 53. Kc2 Kf8 54. Rxb2 Rxb2+ 55. Kxb2 Ke8
56. Kc3 Kd7 57. Kd3 e5 58. Ke4 Ke6 59. Be1 Nd6+ 60. Kf3 Kd5 61. Bg3 Kd4 62.
Bf2+ Kd3 63. Bc5 Nf5 64. Bf2 Nd4+ 65. Kg2 Ke2 0-1

[Event "Petrov Memorial op"]
[Site "St Petersburg"]
[Date "1996.??.??"]
[Round "5"]
[White "Skomorokhin, Roman"]
[Black "Chepukaitis, Genrikh"]
[Result "0-1"]
[WhiteElo "2450"]
[BlackElo "2305"]
[Annotator "Ribli,Z"]
[PlyCount "116"]
[EventDate "1996.02.??"]
[EventType "swiss"]
[EventRounds "9"]
[EventCountry "RUS"]
[SourceTitle "CBM 052"]
[Source "ChessBase"]
[SourceDate "1996.06.01"]
[SourceVersion "1"]
[SourceVersionDate "1996.06.01"]
[SourceQuality "1"]

1. Nf3 g6 2. g3 Bg7 3. d4 d6 4. Bg2 Nc6 5. O-O (5. d5 Ne5 (5... Nb8) (5... Nb4
$5) 6. Nxe5 Bxe5 7. O-O Bg7 8. c4 Nf6 9. Nc3 O-O 10. Qd2 Bd7 11. b3 c6 12. Bb2
$36 {Rashovsky,N-Lukin,A/RUS-ch Elista/1995/CBM50/}) 5... Bg4 $146 (5... Nf6 6.
d5 Nb4 7. c4 O-O 8. Nc3 $14 {Kortschnoj,V-Speelman,J/Hastings/1988/CBM11/}) 6.
d5 Nb8 7. Nd4 $6 (7. c4 $5 {/\ Nc3, Be3 Weiss sollte einfach seine Entwicklung
beenden.}) 7... Qc8 8. c3 (8. c4 $5) 8... c6 9. dxc6 bxc6 10. Re1 Nf6 11. c4
O-O 12. Nc3 Rd8 13. Qa4 Bd7 {/\ c5} 14. c5 {Ein solches Bauernopfer ist fuer
derartige Stellungen typisch.} dxc5 15. Nb3 Na6 16. e4 (16. Be3 Nd5 $36) 16...
Be6 17. Be3 Nd7 18. Red1 {/\ Bf1} (18. Bf1 Bxb3 19. Qxb3 (19. axb3 Nb4 {
/\ Nc2 oder Ne5}) 19... Rb8 $15) 18... c4 $5 {Der Nachziehende gibt seinen
Mehrbauern zurueck, und will die gegnerische Initiative abwehren.} 19. Na5 Nac5
20. Qxc6 Nd3 {/\ Nxb2} 21. e5 N7xe5 $1 {[#] Mit diesem chancenreichen
Qualitaetsopfer uebernimmt der Nachziehende die Initiative.} (21... Rb8 $5 22.
Qxc8 Rbxc8 23. Nc6 Re8 24. Nxa7 Rb8 {>< b2,e5}) 22. Qxa8 Qxa8 23. Bxa8 Rxa8 {
[#] Schwarz hat das Läuferpaar, seine Springer sind sehr gut postiert, und der
c4-Bauern engt die weißen Möglichkeiten ein.} 24. Rab1 h5 25. Nb5 {/\ Nc7} Bg4
{Schwarz gewinnt die Qualitaet zurueck.} 26. Nxc4 (26. Rf1 Be2 $17) 26... Bxd1
27. Rxd1 Nxc4 $1 (27... Nxf2 $2 {Gewinnt einen Bauern, aber...} 28. Bxf2 Nxc4
29. b3 Nb6 30. a4 $16 {Trotz seines Mehrbauers befindet sich Schwarz in
grosser Not. /\ a5 oder Nxa7}) 28. Rxd3 Nxe3 (28... Nxb2 $2 29. Rd7 {Weiss
gewinnt die Bauern mit gutem Spiel zurueck.}) 29. Rxe3 e6 30. Rb3 $6 (30. b3 $5
{Höchstwahrscheinlich wird die Partie mit Remis beenden.}) 30... a5 31. a4 $6
Rc8 32. Na3 Bf8 33. Rb5 Bb4 {Innerhalb von vier Zügen hat Schwarz, natürlich
mit großer Unterstützung von Weiß, eine überlegene Stellung erreicht.} 34. Kg2
Kg7 35. Rb7 g5 36. h3 Kg6 37. Rd7 Bxa3 $1 38. bxa3 Rc4 39. Rd3 Rxa4 {Schwarz
steht auf Gewinn: 1.Er hat einen Mehrbauern. 2. Seine Figuren sind aktiver als
die des Weißen.} 40. Rb3 e5 41. Kf3 f6 42. Ke3 Kf5 43. Rc3 Re4+ 44. Kd2 h4 $1
45. Rf3+ (45. g4+ Kf4 46. Rc6 Kf3 47. Rxf6+ Kg2 48. Rg6 Kxh3 49. Rxg5 Kg2 $19)
45... Kg6 46. Rc3 hxg3 47. fxg3 f5 48. Rc5 a4 49. Kd3 Re1 50. Rc4 f4 51. gxf4 (
51. g4 f3 $19) 51... exf4 52. Kd2 Re3 53. Rxa4 Rxh3 54. Ra8 Kf5 55. a4 Ra3 56.
a5 Kg4 57. a6 Kf3 58. a7 g4 0-1

[Event "Las Palmas"]
[Site "Las Palmas"]
[Date "1993.??.??"]
[Round "8"]
[White "Jussupow, Artur"]
[Black "Rivas Pastor, Manuel"]
[Result "1-0"]
[WhiteElo "2645"]
[BlackElo "2515"]
[Annotator "Ribli,Z"]
[PlyCount "80"]
[EventDate "1993.06.??"]
[EventType "tourn"]
[EventRounds "9"]
[EventCountry "ESP"]
[EventCategory "16"]
[SourceTitle "CBM 036"]
[Source "ChessBase"]
[SourceDate "1993.10.01"]
[SourceVersion "1"]
[SourceVersionDate "1993.10.01"]
[SourceQuality "1"]

1. d4 d6 2. g3 e5 $6 3. dxe5 dxe5 4. Qxd8+ Kxd8 5. Nc3 $1 (5. Bg2 {Schneider,
A-Bagirov,V/URS-ch/1991/CBM27/}) 5... Nd7 (5... f6 {Arkell,K-Dunnington,A/
London/1992/EXP31/}) 6. f4 Ngf6 7. Nf3 $14 Bd6 8. Nb5 Ke7 9. Nxd6 cxd6 10. b3
$1 Nd5 11. fxe5 Nxe5 12. Nxe5 dxe5 13. Ba3+ Kf6 14. e4 Ne3 15. Bd3 Bh3 16. Ke2
Ng4 17. Bc4 Kg6 (17... Rac8 18. Raf1+ $1 Bxf1+ 19. Rxf1+ Kg5 (19... Kg6 20.
Bxf7+ Kh6 21. c4 $18) 20. Bc1+ Kh5 21. Bxf7+ g6 22. Rf5# $18) 18. Bd5 Rac8 19.
c4 Rc7 $6 (19... b6 $5) 20. Bd6 Rd7 21. c5 Nf6 22. Kf3 Nxd5 23. exd5 f6 24.
Rac1 h5 25. Rc4 Rhd8 26. Rhc1 a5 27. a3 b6 28. b4 axb4 29. axb4 bxc5 30. bxc5
Rxd6 $2 (30... Kf5 $5) 31. cxd6 Rxd6 32. Rc5 Kf5 33. Ke3 Bg2 34. Rd1 Kg4 35.
Rc4+ Kf5 36. Rc5 Kg4 37. Rd2 $1 Bh3 (37... Bh1 38. Rc1 $1 Bxd5 39. Rcd1 $18)
38. Rc7 $1 g5 39. Rc6 Rd8 40. Rxf6 h4 1-0

[Event "Pulvermuehle 6th"]
[Site "Pulvermuehle"]
[Date "2006.03.03"]
[Round "7"]
[White "Jussupow, Artur"]
[Black "Bezold, Michael"]
[Result "1-0"]
[WhiteElo "2605"]
[BlackElo "2534"]
[Annotator "Ribli,Z"]
[PlyCount "63"]
[EventDate "2006.02.25"]
[EventType "tourn"]
[EventRounds "9"]
[EventCountry "GER"]
[EventCategory "12"]
[SourceTitle "CBM 112"]
[Source "ChessBase"]
[SourceDate "2006.06.07"]
[SourceVersion "1"]
[SourceVersionDate "2006.06.07"]
[SourceQuality "1"]

1. d4 d6 2. Nf3 Bg4 {Diese Nebenvariante war vor ungefähr zehn Jahren sehr
populär.} 3. e4 {In Betracht kommt auch 3.c4.} Nf6 4. h3 Bh5 5. Bd3 c6 {
Dieser Zug wird selten gespielt, die Alternative 5...e6 erscheint mir
logischer.} (5... e6 6. c4 Nc6 $5 (6... Be7 7. Nc3 Nc6 8. Be3 O-O 9. Qe2 Bg6
10. Rd1 d5 11. cxd5 exd5 12. e5 Ne4 13. O-O Qd7 14. Bc1 {1-0 Kasparov,G-Anand,
V/Paris 1992/CBM 33/[Ribli] (37)}) 7. Be3 d5 (7... Bxf3 8. Qxf3 g6 9. Na3 Bg7
10. Nc2 O-O 11. O-O a5 12. Qe2 Nd7 13. f4 (13. Rad1 $5) 13... Nb4 14. a3 Nxd3
15. Qxd3 a4 16. Rad1 {0-1 Hansen,L-Hickl,J/Polanica Zdroj 1993/CBM 37/[Belov] 
(40)}) 8. cxd5 exd5 9. e5 Bb4+ 10. Nc3 Ne4 11. O-O (11. Rc1 O-O 12. O-O Bxc3
13. bxc3 f5 14. exf6 Qxf6 15. Be2 $14) 11... Bxc3 12. bxc3 {1-0 Ivanov,
S-Vaulin,A/Russia 2000/(41)}) 6. c4 e5 7. d5 Nbd7 8. Nc3 {Wir haben eine
Altindische Verteidigung, mit dem Unterschied, dass der Läufer auf h5 steht.}
Bxf3 {Schwarz tauscht den Springer; nach meiner Meinung wäre es besser die
Entwicklung fortzusetzen.} 9. Qxf3 Be7 10. Be3 Qb8 {[%cal Ge7d8,Gd8b6,Gb6e3]
Auf den ersten Blick ein unnatürlicher Zug, aber Schwarz beabsichtigt mit
Bd8-Bb6, seinen Läufer zu tauschen.} 11. g4 $5 {Mit diesem Zug gewinnt Weiß
Raum am Königsflügel.} Bd8 12. g5 Ng8 13. h4 {[%csl Gg5,Gh4]} Bb6 14. Ne2 {
Mit diesem Zug verteidigt sich Weiß gegen 14...Bd4.} (14. h5 Bd4) 14... Bxe3
15. fxe3 $5 {[%cal Gf1f7][%mdl 32] Eine originelle Fortsetzung. Die Tatsache,
dass Weiß mit diesem Zug seine Bauernstruktur verschlechtert, wird durch den
Umstand kompensiert, dass Weiß aufgrund der Öffnung der f-Linie seine
Schwerfiguren verdoppeln oder verdreifachen kann.} (15. Qxe3 $14) 15... Qc7 {
Schwarz muss diesen Damenzug früher oder später spielen, aber 15...Nc5 wäre
vorher logischer.} 16. Nc3 $1 {[%cal Gd3f1,Gf1h3] Der Springerzug macht Platz
für den Läufer auf f1, um ihn nach h3 zu ziehen.} Ne7 17. Bf1 a5 18. Bh3 {
[%csl Gh3][%cal Gh3c8]} Nc5 {[%csl Gc5] Schwarz hat eine feste, aber passive
Stellung, sein c5N steht gut.} 19. O-O Ng6 $2 {[%csl Rg6][%mdl 16384] Nach
diesem Zug erfolgen die weiteren Züge mit Tempo.} (19... O-O {Gut oder
schlecht - Schwarz musste rochieren, sonst verliert er den f7-Bauern.} 20. Rf2
(20. h5 f6 21. g6 hxg6 22. hxg6 Nxg6 23. Qh5 $44)) 20. h5 $16 Nf8 {[%csl Rf8]}
21. Rf2 {[%csl Rf7,Gg5,Gh5][%cal Ga1f1,Gf1f7]} Qe7 22. Raf1 f6 (22... Qxg5+ 23.
Rg2 Qf6 24. Qg4 Qh6 25. Qxg7 Qxg7 26. Rxg7 $18) 23. gxf6 gxf6 24. Qxf6 Qxf6 25.
Rxf6 $18 {[%csl Gh3][%cal Gf1f8]} Rd8 26. Kh2 Nfd7 27. Rxd6 Nb6 28. Rdf6 (28.
Rxd8+ Kxd8 29. b3 $18) 28... Nxc4 29. dxc6 bxc6 30. Rxc6 Nxe3 31. Rf3 (31. Rxc5
Nxf1+ 32. Bxf1 $18) 31... Rd2+ 32. Kh1 1-0

[Event "Voskresensk"]
[Site "Voskresensk"]
[Date "1990.??.??"]
[Round "?"]
[White "Barle, Janez"]
[Black "Zeitlein, Michael"]
[Result "1/2-1/2"]
[WhiteElo "2430"]
[BlackElo "2465"]
[Annotator "Ribli,Z"]
[PlyCount "60"]
[EventDate "1990.07.??"]
[EventType "tourn"]
[EventRounds "11"]
[EventCountry "URS"]
[EventCategory "9"]
[SourceTitle "CBM 019"]
[Source "ChessBase"]
[SourceDate "1990.12.01"]
[SourceVersion "1"]
[SourceVersionDate "1990.12.01"]
[SourceQuality "1"]

1. Nf3 d6 2. d4 Bg4 3. g3 Qc8 4. Bg2 Bh3 5. O-O Nf6 6. Re1 (6. c4 $5) 6... Bxg2
7. Kxg2 d5 8. Nc3 e6 9. e4 c6 10. Bg5 Nbd7 11. Qd3 h6 12. exd5 cxd5 (12... hxg5
$2 13. dxe6 $146) 13. Bxf6 Nxf6 14. Qb5+ Qd7 15. Ne5 a6 16. Nxd7 axb5 17. Nxf6+
gxf6 18. Nxb5 Kd7 19. f4 f5 20. Re3 Ra5 21. Nc3 b5 22. Ne2 b4 23. c3 bxc3 24.
Rxc3 Bd6 25. a4 Rb8 26. b3 Ra7 27. Nc1 Rb4 28. Rd3 Rc7 29. Rd2 Rb8 30. Rb1 Rb4
{Ribli} 1/2-1/2

[Event "Petrov Memorial op"]
[Site "St Petersburg"]
[Date "1996.??.??"]
[Round "8"]
[White "Skomorokhin, Roman"]
[Black "Sakaev, Konstantin"]
[Result "1-0"]
[WhiteElo "2450"]
[BlackElo "2560"]
[Annotator "Ribli,Z"]
[PlyCount "79"]
[EventDate "1996.02.??"]
[EventType "swiss"]
[EventRounds "9"]
[EventCountry "RUS"]
[SourceTitle "CBM 052"]
[Source "ChessBase"]
[SourceDate "1996.06.01"]
[SourceVersion "1"]
[SourceVersionDate "1996.06.01"]
[SourceQuality "1"]

1. Nf3 d6 2. d4 Bg4 3. c4 Nd7 4. g3 Bxf3 5. exf3 g6 6. Bh3 $5 $146 {Der
Anziehende hat eine neu Idee: Er denkt, daß der Läufer auf der h3-c8
Diagonalen aktiver ist als auf der g2-a8 Diagonalen.} Bg7 7. O-O Ngf6 8. d5 {
Weiss will einfach e6 verhindern.} O-O 9. Nc3 c6 10. Be3 Qa5 11. Qb3 Rab8 12.
Rfd1 $6 (12. Rad1 $5 Nb6 13. Rfe1 {>< e7 Ich denke, daß die weißen Türme
optimal stehen.}) 12... Nb6 13. Bf1 Rfc8 14. Bd2 {/\ dxc6,Nd5 >< e7} Nbd7 15.
f4 $5 {Dieser Zug hat zwei Absichten: 1. Weiss öffnet die h1-a8 Diagonale. 2.
Der schwarze Springer kann nicht mehr den e5-Punkt besetzen.} Qb6 16. Re1 Kf8
17. Qd1 $5 {Mit diesem Bauernopfer beginnen die taktischen Komplikationen.}
cxd5 $5 18. cxd5 Qxb2 19. Rb1 (19. Na4 $2 Qc2 $17) 19... Qa3 20. Re3 Nb6 (20...
Qc5 $5) 21. Qe1 $1 Qc5 (21... Re8 22. Nb5 Qc5 23. Rc3 Qxd5 24. Nc7 $16) 22.
Rxe7 Nbxd5 23. Nxd5 Qxd5 (23... Nxd5 24. Rexb7 Rxb7 25. Rxb7 $44) 24. Bg2 Qxa2
25. Bb4 $5 {Der d6-Bauer ist viel wichtiger als den b7.} (25. Rbxb7 Rxb7 26.
Rxb7 Re8 $13) 25... Rd8 (25... Qxb1 26. Qxb1 Kxe7 27. Qe1+ $16 {Schwarz kann
den Qualitaetsverlust nicht vermeiden.} Kf8 (27... Kd7 28. Bh3+ $18) (27... Kd8
28. Bxd6 $18) 28. Bxd6+ Kg8 29. Bxb8 Rxb8 $16) 26. Rd1 Kg8 (26... Qa6 27. Rc7
$44) 27. Bxd6 Bf8 (27... Rbc8 28. Bxb7 Rc2 29. Bd5 $1 Nxd5 30. Re8+ $18) 28.
Ra1 $1 Qxa1 (28... Qb3 29. Bxb8 Bxe7 30. Qxe7 Rxb8 31. Qxf6 $18) 29. Qxa1 Rxd6
30. Rxb7 Rbd8 31. Bf3 a6 32. Qa2 R8d7 33. Rb8 Kg7 34. Qb2 $1 {Dise Fesselung
sieht für Schwarz sehr unbequem aus..} Rd2 35. Qc3 Be7 (35... R2d3 36. Qc8 $18)
36. Rb7 R2d3 37. Qe5 Rxb7 (37... Bd6 38. Rxd7 Bxe5 39. Rxd3 $18) 38. Bxb7 Bd6
39. Qb2 a5 40. Bc6 1-0